| 000 | 00523nac a22001931ca4500 | ||
|---|---|---|---|
| 001 | a987687947 | ||
| 008 | 991231s1989 gw |||| 000u rus d | ||
| 041 | _arus | ||
| 245 | 0 | 0 |
_aPervyj S"ezd Narodnych Deputatov SSSR : _b25 maja - 9 ijunja 1989 g. ; stenografičeskij otčet |
| 264 |
_aMoskva : _bizd. Verchovnogo Soveta SSSR, _c1989 |
||
| 300 | _a6 Bände | ||
| 648 | 0 | _a<1917-1987> | |
| 650 | 0 | _aPerestroika | |
| 651 | 0 | _aSowjetunion | |
| 942 | _cMG | ||
| 040 | _cRU-10907106 | ||
| 003 | RU-10907106 | ||
| 999 |
_c27469 _d27469 |
||